| 000 | 00867nam a2200241 a 4500 | ||
|---|---|---|---|
| 001 | 49934 | ||
| 003 | BD-RjUL | ||
| 005 | 20211209075432.0 | ||
| 008 | 160822s1952 k 001 0 eng d | ||
| 035 | _a(BD-RjUL)50054 | ||
| 040 |
_aVCAV _beng _cVCAV _dBD-RjUL |
||
| 041 | _aeng | ||
| 082 | 0 | 4 |
_a320.1 _223 _bLAP 1952 |
| 100 | 1 |
_aLasswell, Harold D. _q(Harold Dwight), _d1902- _9130664 |
|
| 245 | 1 | 0 |
_aPower and society : _ba framework for political inquiry / _cHarold D. Lasswell and Abraham Kaplan. |
| 260 |
_aLondon : _bRoutledge and K. Paul, _c1952 |
||
| 300 |
_a295 p. ; _c23 cm. |
||
| 504 | _aBibliography: p. 285-286. and index | ||
| 650 | 0 |
_aPolitical science _xPhilosophy. _9149654 |
|
| 700 | 1 |
_aKaplan, Abraham, _d1918-1993. _9149655 |
|
| 942 |
_2ddc _cBK |
||
| 999 |
_c49934 _d49934 |
||